Amazing light (Record no. 12969)

MARC details
000 -LEADER
fixed length control field 00648nam a2200205Ia 4500
003 - CONTROL NUMBER IDENTIFIER
control field IN-BaIIA
008 - FIXED-LENGTH DATA ELEMENTS--GENERAL INFORMATION
fixed length control field 211028s9999 xx 000 0 eng d
020 ## - INTERNATIONAL STANDARD BOOK NUMBER
International Standard Book Number 0-387-94658-6
040 ## - CATALOGING SOURCE
Transcribing agency IIA Library
080 ## - UNIVERSAL DECIMAL CLASSIFICATION NUMBER
Universal Decimal Classification number 535.33:52
Item number CHI
245 #0 - TITLE STATEMENT
Title Amazing light
Remainder of title a volume dedicated to Charles Hard Townes on his 80th birthday
Statement of responsibility, etc. edited by R. Y. Chiao
260 ## - PUBLICATION, DISTRIBUTION, ETC.
Place of publication, distribution, etc. Newyork
Name of publisher, distributor, etc. Springer-Verlag
Date of publication, distribution, etc. 1996
300 ## - PHYSICAL DESCRIPTION
Extent xxviii, 682p
650 ## - SUBJECT ADDED ENTRY--TOPICAL TERM
Topical term or geographic name entry element Astrophysics
9 (RLIN) 794
650 ## - SUBJECT ADDED ENTRY--TOPICAL TERM
Topical term or geographic name entry element Lasers
9 (RLIN) 3580
650 ## - SUBJECT ADDED ENTRY--TOPICAL TERM
Topical term or geographic name entry element Masers
9 (RLIN) 3581
650 ## - SUBJECT ADDED ENTRY--TOPICAL TERM
Topical term or geographic name entry element Quantum electronics
9 (RLIN) 4678
700 ## - ADDED ENTRY--PERSONAL NAME
Personal name Chiao, R.Y., ed.
9 (RLIN) 22764
942 ## - ADDED ENTRY ELEMENTS (KOHA)
Koha item type Books
Holdings
Withdrawn status Lost status Damaged status Not for loan Home library Current library Shelving location Date acquired Source of acquisition Total Checkouts Full call number Barcode Date last seen Price effective from Koha item type Purchase Price
        IIA Library-Bangalore IIA Library-Bangalore General Stacks 23/03/1999 INFO   535.33:52/CHI 13886 05/11/2021 23/03/1999 Books DM 118.00

Powered by Koha